000 00384 a2200157 4500
001 156791
020 _a9788573195156
040 _cEscola São Tomás de Aquino
100 _aAGUIRRE, Sérgio
240 1 0 _aOs vizinhos morrem nos romances
_lpor
245 1 0 _aOs vizinhos morrem nos romances
300 _a128 p.
362 0 _a2009
697 _a*LITERATURA JUVENIL
942 _cBK
999 _c156791
_d156791